000 00846nam a22002297a 4500
999 _c2221
_d2221
001 19819
003 BD-DhUAP
005 20200223150837.0
008 200222s2003 bg ||||| |||| 001 0 ben d
020 _a812950104X
040 _aBD-DhUAP
_bBen
_cBD-DhUAP
_dBD-DhUAP
082 _223
_aREF 954.9222 MOJ
100 _aমজুমদার, কেদারনাথ।
245 _aঢাকার ইতিহাস /
_cকেদারনাথ মজুমদার।
250 _a১ম সং.।
260 _aকলকাতা :
_bইন্ডিয়ান প্যাট্রিয়ট প্রেস,
_cc২০০৩।
300 _aখণ্ড ;
_c২২ সেমি.।
500 _aনির্ঘণ্ট সম্বলিত।
505 _aখণ্ড ২--
651 _aBangladesh
_vHistory.
942 _2ddc
_cBK